| 000 | 00650nam a22001817a 4500 | ||
|---|---|---|---|
| 999 |
_c16900 _d16900 |
||
| 003 | AR-CdUCM | ||
| 008 | 190506b ||||| |||| 00| 0 sap d | ||
| 040 |
_aMUNICIPALIDAD PROVINCIAL DEL CUSCO _cBIBLIOTECA MUNICIPAL DEL CUSCO |
||
| 082 |
_a380.8542 / _bG26 |
||
| 100 |
_aGarcia Vera, José Antonio. _936636 |
||
| 245 |
_aLos comerciantes trujillanos : _b1780-1840 / |
||
| 260 |
_aLima : _bArtex editores, _c1989. |
||
| 300 |
_a61 páginas ; _c17 cm. |
||
| 505 | _aContenido :Configuración de una clase -- Hacendados comerciantes -- Mujer y producción mercantil ... | ||
| 650 |
_aTrujillo. _9297 |
||
| 942 |
_2ddc _cLIBROS |
||
| 945 |
_arum _d2019-05-06 |
||